Príspevok k návrhu vysokospoľahlivých voľne viazaných multiprocesorových systémov : Kand.diz.práca : V.odb. 26-17-9 : Obh. 19.01.1995 /

Na minha lista:
Detalhes bibliográficos
Autor principal: Jelemenská, Katarína (Author)
Outros Autores: Hudec, Ladislav, 1950- (Thesis advisor)
Formato: Manuscrito Livro
Publicado em: Bratislava : STU v Bratislave EF, 1994
Assuntos:
Tags: Adicionar Tag
Sem tags, seja o primeiro a adicionar uma tag!

MARC

LEADER 00000ntm a22000003a 4500
001 stu7791
005 20230411142214.2
008 ------s1994----------------------------d
040 |a STU  |b slo 
100 1 |a Jelemenská, Katarína  |4 aut  |u E220  |U FEI Fakulta elektrotechniky a informatiky  |T FEI Katedra informatiky a výpočtovej techniky  |X 1867  |U E220  |Y 69  |7 1867 
245 1 |a Príspevok k návrhu vysokospoľahlivých voľne viazaných multiprocesorových systémov :  |b Kand.diz.práca : V.odb. 26-17-9 : Obh. 19.01.1995 /  |c [aut.] Jelemenská,Katarína, Ing.; Škol. Hudec,Ladislav 
260 |a Bratislava :  |b STU v Bratislave EF,  |c 1994 
300 |a 93 s  |c Autoref.1994, 14 s 
650 7 |a výpočtová technika  |2 stusub 
700 1 |a Hudec, Ladislav,  |d 1950-  |4 ths  |u 070400  |U FIIT Fakulta informatiky a informačných technológií  |T FIIT Ústav počítačového inžinierstva a aplikovanej informatiky  |X 2081  |U I400  |Y 672  |7 2081 
996 |b 284ED00377  |c E*KDIZ-712  |l EE01  |s A  |a 24  |w stu7791_0001